Class conflict and economic development in Chile, 1958-1973 /

Bibliographic Details
Main Author: Stallings, Barbara
Format: Book
Language:English
Published: Stanford, Calif. : Stanford University Press, 1978.
Subjects:

MARC

Tag First Indicator Second Indicator Subfields
LEADER 00000cam a2200000 i 4500
001 in00000239421
005 20151010050349.0
008 790329s1978 cau bs 00110 eng
010 |a  77089181  
020 |a 0804709785 :  |c $18.50 
035 |a (OCoLC)04546067 
035 |9 ABA9186AM 
040 |a DLC  |c DLC  |d TXA  |d UtOrBLW 
043 |a s-cl--- 
049 |a TXAM  |c [929816] 
050 0 0 |a HC192  |b .S7 
082 0 |a 330.9/83/064 
100 1 |a Stallings, Barbara. 
245 1 0 |a Class conflict and economic development in Chile, 1958-1973 /  |c Barbara Stallings. 
264 1 |a Stanford, Calif. :  |b Stanford University Press,  |c 1978. 
300 |a xviii, 295 pages :  |b graphs ;  |c 24 cm. 
336 |a text  |b txt  |2 rdacontent 
337 |a unmediated  |b n  |2 rdamedia 
338 |a volume  |b nc  |2 rdacarrier 
504 |a Includes bibliographical references and index. 
650 0 |a Social conflict. 
651 0 |a Chile  |x Economic policy. 
651 0 |a Chile  |x Economic conditions  |y 1918-1970. 
651 0 |a Chile  |x Economic conditions  |y 1970-1973. 
651 0 |a Chile  |x Politics and government  |y 1920-1970. 
651 0 |a Chile  |x Politics and government  |y 1970-1973. 
651 0 |a Chile  |x Social conditions. 
999 |a MARS 
999 f f |s beb84085-9ced-3513-a575-69e11f3c5894  |i 92f3d0fe-b9af-3609-ad14-31b2ea2c86ce  |t 0 
952 f f |p normal  |a Texas A&M University  |b College Station  |c Sterling C. Evans Library  |d Evans: Library Stacks  |t 0  |e HC192 .S7  |h Library of Congress classification  |i unmediated -- volume  |m A14802589243 
998 f f |a HC192 .S7  |t 0  |l Evans: Library Stacks